[Event "XXIX Memorial Edoardo Crespi B"]
[Site "Milano ITA"]
[Date "2008.12.07"]
[Round "4"]
[White "Mei, Gianluca"]
[Black "Margstahler, Francesco"]
[Result "1-0"]
[WhiteElo "1917"]
[BlackElo "1768"]
[PlyCount "63"]
[EventDate "2008.12.04"]

1. e4 c6 2. d4 d5 3. exd5 cxd5 4. c4 Nf6 5. Nc3 e6 6. Nf3 Bb4 7. c5 Ne4 8. Bd2
Nxd2 9. Qxd2 b6 10. a3 Bxc3 11. Qxc3 bxc5 12. Qxc5 Nd7 13. Bb5 Qb6 14. Qb4 Rb8
15. Rc1 f6 16. O-O Kd8 17. Bxd7 Bxd7 18. Qc3 Rc8 19. Qd2 Ke7 20. b4 Bb5 21.
Rfe1 Bc4 22. Re3 Rc6 23. Qe1 Rhc8 24. h3 Bb5 25. Rc5 a6 26. Qd2 Qb7 27. Qc2 a5
28. Qxh7 Kf7 29. Ng5+ fxg5 30. Rf3+ Ke8 31. Qg8+ Kd7 32. Qxg7+ 1-0

[Event "XXIX Memorial Edoardo Crespi B"]
[Site "Milano ITA"]
[Date "2008.12.07"]
[Round "4"]
[White "Murli, Almerico"]
[Black "Di Paola, Antonio"]
[Result "1/2-1/2"]
[WhiteElo "1842"]
[BlackElo "1748"]
[PlyCount "51"]
[EventDate "2008.12.04"]

1. e4 c6 2. d4 d5 3. exd5 cxd5 4. c4 Nf6 5. Nc3 e6 6. Nf3 Bb4 7. Bd3 dxc4 8.
Bxc4 O-O 9. O-O Be7 10. d5 exd5 11. Nxd5 Nxd5 12. Bxd5 Nd7 13. Be3 Nf6 14. Bb3
Bg4 15. h3 Bh5 16. g4 Bg6 17. Ne5 Be4 18. f3 Bd5 19. Rc1 Qd6 20. Qd4 Bxb3 21.
axb3 Qxd4 22. Bxd4 Rfd8 23. Rfd1 Nd5 24. Nd3 Bg5 25. Rc2 b6 26. Re2 1/2-1/2

[Event "XXIX Memorial Edoardo Crespi B"]
[Site "Milano ITA"]
[Date "2008.12.07"]
[Round "4"]
[White "Olivo, Mario"]
[Black "Lanni, Vincenzo"]
[Result "1-0"]
[WhiteElo "1878"]
[BlackElo "1868"]
[PlyCount "153"]
[EventDate "2008.12.04"]

1. Nf3 g6 2. g3 Bg7 3. Bg2 d6 4. d3 Nf6 5. O-O O-O 6. e4 e5 7. Nc3 c6 8. Bg5 h6
9. Bd2 Nbd7 10. Qc1 Kh7 11. Nh4 Nc5 12. Ne2 d5 13. b4 Na4 14. Nc3 Nxc3 15. Bxc3
d4 16. Bd2 Be6 17. Nf3 Nd7 18. a4 c5 19. c4 b6 20. b5 Qc7 21. Nh4 a6 22. Qb2 a5
23. f4 Bg4 24. Rf2 exf4 25. gxf4 Rad8 26. Raf1 Nf6 27. Qc1 Bc8 28. h3 Nh5 29.
Nf3 f5 30. e5 Rfe8 31. Re1 Be6 32. Nh2 Bf8 33. Bc6 Re7 34. Rg2 Rg7 35. Bf3 Qf7
36. Qd1 Be7 37. Kh1 Bh4 38. Reg1 Rdg8 39. Qe2 Bd7 40. Bd5 Be6 41. Bf3 Bc8 42.
Bxh5 gxh5 43. Rxg7+ Rxg7 44. Rxg7+ Qxg7 45. Nf1 Bb7+ 46. Kh2 Ba8 47. e6 Qb7 48.
Ng3 Be7 49. Qf1 Kg6 50. Qe2 Qf3 51. Qxf3 Bxf3 52. Kg1 Bd1 53. Kf1 Bd8 54. Be1
Bxa4 55. Ke2 h4 56. Nf1 Bb3 57. Nd2 a4 58. Nb1 Bf6 59. Na3 Kg7 60. Kd2 Kf8 61.
Kc1 Ke7 62. Nb1 Kxe6 63. Nd2 Kd6 64. Nf3 Ke6 65. Bxh4 Bxh4 66. Nxh4 Kf6 67. Nf3
a3 68. Ne5 a2 69. Kb2 Bd1 70. Nd7+ Ke6 71. Nxb6 Be2 72. Kxa2 Bxd3 73. Kb3 Kd6
74. Nd5 Be4 75. Nf6 Kc7 76. Nxe4 fxe4 77. Kc2 1-0

[Event "XXIX Memorial Edoardo Crespi B"]
[Site "Milano ITA"]
[Date "2008.12.07"]
[Round "4"]
[White "Pasquotto, Mirko"]
[Black "Mircoli, Filippo"]
[Result "1/2-1/2"]
[WhiteElo "1921"]
[BlackElo "1846"]
[PlyCount "62"]
[EventDate "2008.12.04"]

1. d4 e6 2. c4 Nf6 3. Nf3 d5 4. Nc3 Bb4 5. Qc2 O-O 6. Bg5 h6 7. Bh4 Nbd7 8. a3
Be7 9. e3 b6 10. Bd3 Bb7 11. cxd5 Bxd5 12. Nxd5 Nxd5 13. Bxe7 Qxe7 14. O-O c5
15. Rac1 cxd4 16. Nxd4 Ne5 17. b4 Nxd3 18. Qxd3 Rfc8 19. Rc2 Qd7 20. Rfc1 Ne7
21. Qb5 Qd8 22. Nc6 Nxc6 23. Rxc6 Rxc6 24. Qxc6 Kf8 25. Kf1 Qd3+ 26. Ke1 Rd8
27. Qc3 Qd5 28. f3 Ke7 29. e4 Qd6 30. Qc7+ Rd7 31. Qxd6+ Rxd6 1/2-1/2

[Event "XXIX Memorial Edoardo Crespi B"]
[Site "Milano ITA"]
[Date "2008.12.07"]
[Round "4"]
[White "Piantoni, Pierino"]
[Black "Villalba, Fernando"]
[Result "1-0"]
[WhiteElo "1935"]
[BlackElo "1934"]
[PlyCount "67"]
[EventDate "2008.12.04"]

1. c4 c5 2. Nc3 Nf6 3. g3 Nc6 4. Bg2 g6 5. e3 Bg7 6. Nge2 O-O 7. d4 cxd4 8.
exd4 d6 9. O-O a6 10. h3 Rb8 11. Be3 e5 12. Qd2 exd4 13. Nxd4 Nxd4 14. Bxd4 Be6
15. b3 Qa5 16. Rad1 Rfd8 17. Qb2 Qh5 18. Ne4 Nxe4 19. Bxg7 f6 20. Bxf6 Nxf6 21.
Qxf6 Qf5 22. Qd4 b5 23. Rfe1 Bf7 24. Re7 Rf8 25. Qxd6 Rbe8 26. Rxe8 Rxe8 27.
cxb5 axb5 28. Bf1 Rf8 29. Qd3 Qf6 30. Qxb5 Qf3 31. Qd3 Qa8 32. Qd2 Be6 33. Re1
Qc8 34. Rxe6 1-0

[Event "XXIX Memorial Edoardo Crespi B"]
[Site "Milano ITA"]
[Date "2008.12.07"]
[Round "4"]
[White "Pulvirenti, Gianni"]
[Black "Cani, Gazmir"]
[Result "1-0"]
[WhiteElo "1945"]
[BlackElo "1867"]
[PlyCount "55"]
[EventDate "2008.12.04"]

1. d4 Nf6 2. Nf3 g6 3. c4 Bg7 4. Nc3 d5 5. Bf4 O-O 6. e3 c5 7. Be2 cxd4 8. Nxd4
a6 9. O-O dxc4 10. Bxc4 Nbd7 11. Nf3 Qa5 12. Rc1 e5 13. Bg3 e4 14. Nd4 Nb6 15.
Bb3 Bg4 16. Qd2 Qh5 17. Nce2 Nfd5 18. Rc5 Rfd8 19. Nf4 Qg5 20. h4 Qe7 21. Rxd5
Nxd5 22. Nxd5 Qc5 23. Rc1 Qa7 24. Rc7 Rd7 25. Qc3 Rxc7 26. Qxc7 h5 27. Qf4 Bc8
28. Nc7 1-0

[Event "XXIX Memorial Edoardo Crespi B"]
[Site "Milano ITA"]
[Date "2008.12.07"]
[Round "4"]
[White "Quagliarella, Sabino Remo"]
[Black "Oteri, Aldo"]
[Result "0-1"]
[WhiteElo "1978"]
[BlackElo "1831"]
[PlyCount "56"]
[EventDate "2008.12.04"]

1. d4 Nf6 2. Nf3 d5 3. Bf4 e6 4. e3 c5 5. c3 Nc6 6. Be2 cxd4 7. exd4 Bd6 8. Ne5
Qc7 9. Bb5 O-O 10. Qe2 a6 11. Bd3 Bxe5 12. dxe5 Nd7 13. O-O Ndxe5 14. Re1 f6
15. Nd2 Qf7 16. Bc2 Rd8 17. Rad1 Ng6 18. Be3 e5 19. Nc4 dxc4 20. Bb6 Rxd1 21.
Rxd1 Nf4 22. Qe4 f5 23. Qf3 Be6 24. Rd2 Bd5 25. Qg3 Bxg2 26. f3 Bh3 27. b3 Qf6
28. Rd7 Ne2+ 0-1

[Event "XXIX Memorial Edoardo Crespi B"]
[Site "Milano ITA"]
[Date "2008.12.07"]
[Round "4"]
[White "Scarpellini, Felice"]
[Black "Landais, Federico"]
[Result "0-1"]
[WhiteElo "1849"]
[BlackElo "1888"]
[PlyCount "106"]
[EventDate "2008.12.04"]

1. c4 Nf6 2. Nc3 g6 3. g3 Bg7 4. Bg2 c6 5. e4 d6 6. Nge2 Nbd7 7. O-O O-O 8. d3
a6 9. Bg5 Rb8 10. Qd2 Re8 11. Kh1 b5 12. Rad1 b4 13. Nb1 Nc5 14. Bxf6 Bxf6 15.
b3 a5 16. d4 Na6 17. f4 Bg7 18. f5 Rf8 19. Qf4 Qc7 20. g4 c5 21. d5 Bd7 22. g5
f6 23. Ng3 Kf7 24. Nd2 Rh8 25. Nf3 Kg8 26. gxf6 exf6 27. Nd2 Be8 28. Bh3 g5 29.
Qf2 h5 30. Bg2 Qe7 31. Ne2 Ra8 32. Nf3 Bh6 33. Nd2 Ra7 34. Nc1 Nb8 35. Nd3 Nd7
36. Ra1 Ne5 37. Nxe5 Qxe5 38. a3 Rhh7 39. Ra2 Rhc7 40. Rfa1 Qe7 41. Qg3 h4 42.
Qg4 Kh7 43. Bf3 Bg7 44. Rg1 a4 45. axb4 axb3 46. Rxa7 Rxa7 47. bxc5 dxc5 48.
Nxb3 Ra2 49. Ra1 Rb2 50. Bd1 Bf8 51. Nc1 Qc7 52. Ne2 Kh6 53. Qf3 Bh5 0-1

[Event "XXIX Memorial Edoardo Crespi B"]
[Site "Milano ITA"]
[Date "2008.12.07"]
[Round "4"]
[White "Trent, Alan M."]
[Black "Silari, Andrea"]
[Result "1-0"]
[WhiteElo "1867"]
[BlackElo "1810"]
[PlyCount "83"]
[EventDate "2008.12.04"]

1. e4 c5 2. Nf3 Nc6 3. Bb5 g6 4. O-O Bg7 5. Re1 Qb6 6. Bxc6 Qxc6 7. c3 d6 8. d4
Bg4 9. dxc5 Qxc5 10. h3 Bd7 11. Be3 Qb5 12. Qd2 Nf6 13. Bd4 e5 14. a4 Qa5 15.
b4 Qc7 16. Be3 Nxe4 17. Qc1 f5 18. Bh6 O-O 19. Bxg7 Kxg7 20. Ng5 Nf6 21. Qd2 h6
22. Nf3 Ne4 23. Qd5 Bc6 24. Qb3 b6 25. c4 Rfe8 26. Nc3 Nxc3 27. Qxc3 Bxf3 28.
Qxf3 Qxc4 29. Rac1 Qe6 30. Rc7+ Kf6 31. Rd1 e4 32. Qc3+ Kg5 33. h4+ Kxh4 34.
Qg3+ Kh5 35. Qh3+ Kg5 36. Qg3+ Kh5 37. Rxd6 Qg8 38. Rc3 Re6 39. Qf4 g5 40. Qxf5
e3 41. Qh3+ Kg6 42. Rxe6+ 1-0

[Event "XXIX Memorial Edoardo Crespi B"]
[Site "Milano ITA"]
[Date "2008.12.07"]
[Round "4"]
[White "Zeppos, Panagiotis"]
[Black "Papale, Carmelo"]
[Result "1-0"]
[WhiteElo "1823"]
[BlackElo "1889"]
[PlyCount "39"]
[EventDate "2008.12.04"]

1. e4 c5 2. Nf3 e6 3. d4 cxd4 4. Nxd4 Nf6 5. Nc3 Bb4 6. Bd3 O-O 7. O-O Nc6 8.
Nf3 Qc7 9. Re1 a6 10. e5 Bxc3 11. bxc3 Ng4 12. Bxh7+ Kh8 13. Bd3 g6 14. Bf4 Kg7
15. h3 Nh6 16. Qd2 Rh8 17. Bg5 Ng8 18. Qf4 b5 19. Bf6+ Nxf6 20. exf6+ 1-0

[Event "XXIX Memorial Edoardo Crespi B"]
[Site "Milano ITA"]
[Date "2008.12.07"]
[Round "5"]
[White "Alidosi, Marco"]
[Black "Iacchetti, Giovanni"]
[Result "1-0"]
[WhiteElo "1794"]
[BlackElo "1889"]
[PlyCount "77"]
[EventDate "2008.12.04"]

1. Nf3 f5 2. d3 Nf6 3. e4 fxe4 4. dxe4 d6 5. e5 Ng4 6. exd6 cxd6 7. Bc4 Nc6 8.
Qd5 Qa5+ 9. Bd2 Qxd5 10. Bxd5 Nf6 11. Bb3 Bg4 12. Nh4 O-O-O 13. f3 Bd7 14. Nc3
e6 15. O-O-O Be7 16. g3 Rhf8 17. Rhe1 Nd4 18. Be3 Nxb3+ 19. axb3 Kb8 20. Ng2
Bc6 21. Nf4 Bd7 22. Bg1 e5 23. Nfd5 Nxd5 24. Nxd5 Bg5+ 25. f4 exf4 26. gxf4 Bh4
27. Re3 Bc6 28. Rh3 g5 29. Be3 Bd7 30. Rxh4 gxh4 31. Bf2 h3 32. Bg3 Bg4 33. Rd4
Bf3 34. Nc3 d5 35. Nb5 Rg8 36. Bf2 Rg2 37. Rd2 Rxh2 38. Bxa7+ Kc8 39. Rxh2 1-0

[Event "XXIX Memorial Edoardo Crespi B"]
[Site "Milano ITA"]
[Date "2008.12.07"]
[Round "5"]
[White "Bisignano, Riccardo"]
[Black "Zeppos, Panagiotis"]
[Result "1/2-1/2"]
[WhiteElo "1891"]
[BlackElo "1823"]
[PlyCount "47"]
[EventDate "2008.12.04"]

1. e4 c5 2. Nc3 d6 3. g3 Nf6 4. Bg2 g6 5. d3 Bg7 6. Nge2 Nc6 7. O-O O-O 8. f4
Rb8 9. h3 b5 10. e5 dxe5 11. Bxc6 Bxh3 12. Bg2 Bxg2 13. Kxg2 Ng4 14. fxe5 Bxe5
15. Nf4 h5 16. Qf3 Bg7 17. Ncd5 e5 18. Nh3 c4 19. Bd2 Rc8 20. Ne3 cxd3 21. Nxg4
hxg4 22. Qxg4 Rxc2 23. Rf2 Rc4 24. Qg5 1/2-1/2

[Event "XXIX Memorial Edoardo Crespi B"]
[Site "Milano ITA"]
[Date "2008.12.07"]
[Round "5"]
[White "Cani, Gazmir"]
[Black "Piantoni, Pierino"]
[Result "1/2-1/2"]
[WhiteElo "1867"]
[BlackElo "1935"]
[PlyCount "108"]
[EventDate "2008.12.04"]

1. e4 Nc6 2. d4 d5 3. Nc3 e6 4. Nf3 Nf6 5. e5 Ne4 6. Ne2 Be7 7. Ng3 O-O 8. Bd3
f5 9. exf6 Nxf6 10. Qe2 Nb4 11. Bb5 a6 12. Ba4 b5 13. Bb3 c5 14. c3 c4 15. Bc2
Nxc2+ 16. Qxc2 Bd6 17. O-O Qc7 18. Re1 Bd7 19. Ng5 Rae8 20. Be3 Bc8 21. a4 b4
22. cxb4 Bxb4 23. Rec1 a5 24. Nh5 g6 25. Bf4 Qd7 26. Nxf6+ Rxf6 27. Be5 Rf5 28.
f4 Qa7 29. Qf2 Ref8 30. Qe3 Rd8 31. h4 h6 32. Nf3 Qe7 33. g4 Rff8 34. h5 gxh5
35. g5 Bd6 36. Nh4 Bxe5 37. Qxe5 Qg7 38. Qe3 hxg5 39. fxg5 Rde8 40. Nf3 Rf5 41.
Rc2 Re7 42. Rg2 Rb7 43. Nh4 Rf8 44. Rd1 Rb3 45. Qe2 Bd7 46. Qxh5 Rf4 47. Ng6
Rxd4 48. Rf1 Rb8 49. Rh2 Re8 50. Rf8+ Rxf8 51. Ne7+ Qxe7 52. Qh8+ Kf7 53. Qh5+
Kg8 54. Qh8+ Kf7 1/2-1/2

[Event "XXIX Memorial Edoardo Crespi B"]
[Site "Milano ITA"]
[Date "2008.12.07"]
[Round "5"]
[White "Casale, Anania"]
[Black "Oteri, Aldo"]
[Result "0-1"]
[WhiteElo "1744"]
[BlackElo "1831"]
[PlyCount "78"]
[EventDate "2008.12.04"]

1. d4 Nf6 2. c4 c5 3. d5 d6 4. Nc3 e6 5. e4 exd5 6. exd5 Qe7+ 7. Qe2 Bg4 8.
Qxe7+ Bxe7 9. Nb5 Na6 10. Bf4 Kd7 11. f3 Bf5 12. g4 Nxg4 13. fxg4 Be4 14. Bh3
g5 15. Bd2 Bxh1 16. O-O-O Nc7 17. Nc3 b5 18. Rf1 b4 19. Nce2 Be4 20. Rxf7 Raf8
21. Rg7 Ne8 22. Rxe7+ Kxe7 23. Bxg5+ Kd7 24. Nf4 h6 25. Bxh6 Rxh6 26. g5+ Rxh3
27. Ngxh3 Ng7 28. Kd2 Rh8 29. g6 Bxg6 30. Ng5 Rxh2+ 31. Ke3 Bf5 32. b3 Rxa2 33.
Ne2 Bc2 34. Nf4 Bxb3 35. Ng6 Bxc4 36. Nf8+ Ke8 37. Ke4 Kxf8 38. Nh7+ Ke7 39.
Ng5 b3 0-1

[Event "XXIX Memorial Edoardo Crespi B"]
[Site "Milano ITA"]
[Date "2008.12.07"]
[Round "5"]
[White "Cerioni, Armando"]
[Black "Cardani, Roberto"]
[Result "0-1"]
[WhiteElo "1976"]
[BlackElo "1900"]
[PlyCount "44"]
[EventDate "2008.12.04"]

1. e4 c5 2. Nf3 d6 3. Nc3 Nc6 4. Bb5 Bd7 5. Bxc6 Bxc6 6. d4 cxd4 7. Qxd4 Nf6 8.
Bg5 e6 9. O-O-O Be7 10. Rhe1 O-O 11. Kb1 a5 12. Bxf6 Bxf6 13. Qxd6 Bxc3 14.
Qxd8 Rfxd8 15. bxc3 f6 16. Nd4 e5 17. Nxc6 bxc6 18. Kc1 Kf7 19. Re3 c5 20. Red3
Ke7 21. Rd5 Rxd5 22. exd5 c4 0-1

[Event "XXIX Memorial Edoardo Crespi B"]
[Site "Milano ITA"]
[Date "2008.12.07"]
[Round "5"]
[White "Colombo, Luca"]
[Black "Ciciotti, Augusto"]
[Result "0-1"]
[WhiteElo "1831"]
[BlackElo "1900"]
[PlyCount "48"]
[EventDate "2008.12.04"]

1. e4 c5 2. Nc3 Nc6 3. g3 g6 4. Bg2 Bg7 5. d3 e6 6. Be3 d6 7. Qd2 Rb8 8. Nd1
Qc7 9. c3 b5 10. Ne2 b4 11. O-O Ba6 12. Nc1 Nge7 13. f4 O-O 14. f5 exf5 15.
exf5 Nxf5 16. Rxf5 gxf5 17. Bh6 bxc3 18. bxc3 Bxh6 19. Qxh6 Ne7 20. Qg5+ Ng6
21. Ne3 Qe7 22. Qh6 Rb2 23. Nxf5 Qe1+ 24. Bf1 Qf2+ 0-1

[Event "XXIX Memorial Edoardo Crespi B"]
[Site "Milano ITA"]
[Date "2008.12.07"]
[Round "5"]
[White "Delledonne, Francesco"]
[Black "Olivo, Mario"]
[Result "1/2-1/2"]
[WhiteElo "1938"]
[BlackElo "1878"]
[PlyCount "88"]
[EventDate "2008.12.04"]

1. d4 Nf6 2. c4 e6 3. Nf3 b6 4. a3 Bb7 5. Nc3 Be7 6. d5 O-O 7. e4 d6 8. Bd3 e5
9. O-O Nbd7 10. b4 a5 11. Bb2 Nh5 12. g3 Bc8 13. Re1 Ndf6 14. Bf1 Bd7 15. Bg2
Qc8 16. Qe2 h6 17. Qf1 Nh7 18. Rad1 Ng5 19. Nxg5 Bxg5 20. Bc1 Bxc1 21. Rxc1
axb4 22. axb4 g5 23. Nd1 f5 24. Qe2 Ng7 25. f3 fxe4 26. fxe4 Bg4 27. Qd2 Ra3
28. c5 bxc5 29. bxc5 Qb8 30. Re3 Qa7 31. Nf2 Ra2 32. Rc2 Rxc2 33. Qxc2 Qa1+ 34.
Bf1 Bh3 35. Qd3 Bxf1 36. Qxf1 Qd4 37. Qc1 dxc5 38. Re2 c4 39. Kg2 Ne8 40. Ng4
Kg7 41. h4 Kg6 42. Nxh6 Kxh6 43. Qxg5+ Kh7 44. Qe7+ Kg8 1/2-1/2

[Event "XXIX Memorial Edoardo Crespi B"]
[Site "Milano ITA"]
[Date "2008.12.07"]
[Round "5"]
[White "Di Paola, Antonio"]
[Black "Guzzetti, Luigi Enrico"]
[Result "1-0"]
[WhiteElo "1748"]
[BlackElo "1862"]
[PlyCount "75"]
[EventDate "2008.12.04"]

1. d4 Nf6 2. c4 g6 3. Nc3 Bg7 4. e4 d6 5. Nf3 O-O 6. Be2 c6 7. O-O Qc7 8. Ne1
e5 9. Be3 Nbd7 10. Qd2 exd4 11. Bxd4 Re8 12. f3 Ne5 13. b3 a6 14. Rc1 h5 15.
Nd3 Bd7 16. Nxe5 dxe5 17. Be3 Rad8 18. Qc2 Be6 19. Na4 Nd7 20. Rfd1 Bf8 21. Qc3
Ba3 22. Rc2 a5 23. Rd3 f5 24. Qa1 Kf7 25. Rcd2 b5 26. cxb5 cxb5 27. Nc3 Bc5 28.
Nxb5 Bxe3+ 29. Rxe3 Qb6 30. Nd6+ Ke7 31. Nc4 Bxc4 32. Rxd7+ Rxd7 33. Qxe5+ Be6
34. exf5 gxf5 35. Kf1 Qd4 36. Qxe6+ Kd8 37. Qxe8+ Kc7 38. Qe5+ 1-0

[Event "XXIX Memorial Edoardo Crespi B"]
[Site "Milano ITA"]
[Date "2008.12.07"]
[Round "5"]
[White "Fornasir, Carlo Gustavo"]
[Black "Acunzo, Domenico"]
[Result "1-0"]
[WhiteElo "1919"]
[BlackElo "1797"]
[PlyCount "89"]
[EventDate "2008.12.04"]

1. e4 e6 2. d4 d5 3. Nc3 Bb4 4. e5 c5 5. a3 Bxc3+ 6. bxc3 Ne7 7. Qg4 O-O 8. Bd3
Nbc6 9. h4 f5 10. exf6 Rxf6 11. Bg5 Rf7 12. Qh5 g6 13. Qh6 Qf8 14. Qxf8+ Rxf8
15. dxc5 Rf7 16. h5 Ne5 17. hxg6 Nxd3+ 18. cxd3 hxg6 19. f4 Nf5 20. Nf3 Ne3 21.
Kf2 d4 22. cxd4 Nd5 23. Ne5 Rh7 24. Nxg6 Bd7 25. Rxh7 Kxh7 26. Ne5 Bc6 27. Rh1+
Kg7 28. Rh6 Re8 29. g4 Nc7 30. Rf6 Nb5 31. Nxc6 bxc6 32. f5 Nxd4 33. fxe6 Nxe6
34. Rf5 Nd4 35. Bf6+ Kg6 36. Bxd4 Rd8 37. Ke3 Re8+ 38. Kd2 Re7 39. Rf6+ Kg5 40.
Rxc6 Kxg4 41. Rf6 Kg5 42. Rf8 Rd7 43. Kc3 Rc7 44. Be3+ Kg4 45. d4 1-0

[Event "XXIX Memorial Edoardo Crespi B"]
[Site "Milano ITA"]
[Date "2008.12.07"]
[Round "5"]
[White "Guerra, Efrain"]
[Black "Pulvirenti, Gianni"]
[Result "1-0"]
[WhiteElo "1941"]
[BlackElo "1945"]
[PlyCount "93"]
[EventDate "2008.12.04"]

1. e4 d6 2. Nc3 g6 3. Bc4 Bg7 4. Nge2 Nf6 5. d3 c6 6. O-O O-O 7. Bg5 h6 8. Bh4
Nbd7 9. Bb3 Nc5 10. Qd2 Kh7 11. h3 g5 12. Bg3 Nh5 13. f4 g4 14. Kh2 gxh3 15.
gxh3 Nxg3 16. Nxg3 Be6 17. d4 Nxb3 18. axb3 f6 19. Qe3 Rg8 20. Rg1 Bf7 21. Raf1
e6 22. Rf2 Bh8 23. Nce2 Qd7 24. f5 e5 25. c3 Rg5 26. Rgg2 Rag8 27. Ng1 Qe8 28.
Nf3 R5g7 29. dxe5 dxe5 30. Qxa7 Bxb3 31. Nh4 b5 32. Qe3 Bf7 33. Rd2 Bh5 34. Rd6
Rg5 35. Qc5 Qa8 36. Rd7+ Bg7 37. Nxh5 Rxh5 38. Rgxg7+ Rxg7 39. Rxg7+ Kxg7 40.
Qe7+ Kg8 41. Ng6 c5 42. Qxf6 Qe8 43. Qh8+ Kf7 44. Qxe8+ Kxe8 45. h4 Kf7 46.
Nxe5+ Ke7 47. Kg3 1-0

[Event "XXIX Memorial Edoardo Crespi B"]
[Site "Milano ITA"]
[Date "2008.12.07"]
[Round "5"]
[White "Kimbin, Richard Conrod"]
[Black "Mei, Gianluca"]
[Result "1-0"]
[WhiteElo "1697"]
[BlackElo "1917"]
[PlyCount "73"]
[EventDate "2008.12.04"]

1. Nf3 d5 2. g3 c5 3. Bg2 Nc6 4. d3 Nf6 5. Nbd2 e6 6. O-O Be7 7. e4 O-O 8. e5
Nd7 9. Re1 b5 10. c4 bxc4 11. dxc4 Nb6 12. b3 Ba6 13. cxd5 exd5 14. Bb2 Bb7 15.
e6 fxe6 16. Bh3 Rb8 17. Bxe6+ Kh8 18. Ne5 Nxe5 19. Bxe5 Bf6 20. Bxb8 Bxa1 21.
Bxa7 Bd4 22. Nf3 Bxf2+ 23. Kxf2 d4 24. Bg4 Nd5 25. Kg1 Ne3 26. Rxe3 dxe3 27.
Qxd8 Rxd8 28. Ne5 Rd2 29. Bxc5 h5 30. Bf3 e2 31. Kf2 Rc2 32. Bb6 Ba6 33. Bxh5
Rc1 34. Bxe2 Rc2 35. Nc4 Rc1 36. h4 Rb1 37. Nd2 1-0

[Event "XXIX Memorial Edoardo Crespi B"]
[Site "Milano ITA"]
[Date "2008.12.07"]
[Round "5"]
[White "Landais, Federico"]
[Black "Pasquotto, Mirko"]
[Result "1-0"]
[WhiteElo "1888"]
[BlackElo "1921"]
[PlyCount "59"]
[EventDate "2008.12.04"]

1. g3 Nf6 2. Bg2 g6 3. e4 d6 4. Nc3 Bg7 5. d3 O-O 6. h3 c5 7. Nge2 Nc6 8. Be3
Bd7 9. Qd2 Re8 10. O-O-O Rb8 11. g4 b5 12. Rdg1 Qa5 13. Kb1 Rb6 14. g5 b4 15.
Nd1 Ra6 16. Nc1 Be6 17. b3 Nd7 18. f4 Nd4 19. Bxd4 Bxd4 20. Rf1 Bc3 21. Qe2 Nb8
22. f5 Bd7 23. Qf2 Nc6 24. h4 f6 25. h5 Nd4 26. hxg6 Nb5 27. a4 bxa3 28. Na2
Bd4 29. Qh4 Nc3+ 30. Naxc3 1-0

[Event "XXIX Memorial Edoardo Crespi B"]
[Site "Milano ITA"]
[Date "2008.12.07"]
[Round "5"]
[White "Lanni, Vincenzo"]
[Black "Scarpellini, Felice"]
[Result "1/2-1/2"]
[WhiteElo "1868"]
[BlackElo "1849"]
[PlyCount "20"]
[EventDate "2008.12.04"]

1. d4 Nf6 2. g3 e6 3. Bg2 d5 4. Nf3 Nbd7 5. O-O Be7 6. c3 O-O 7. Nbd2 c5 8. Qc2
b6 9. e4 dxe4 10. Nxe4 Bb7 1/2-1/2

[Event "XXIX Memorial Edoardo Crespi B"]
[Site "Milano ITA"]
[Date "2008.12.07"]
[Round "5"]
[White "Margstahler, Francesco"]
[Black "Bettini, Massimo"]
[Result "1-0"]
[WhiteElo "1768"]
[BlackElo "1842"]
[PlyCount "115"]
[EventDate "2008.12.04"]

1. e4 c5 2. c3 d5 3. exd5 Qxd5 4. d4 Nf6 5. Nf3 Nc6 6. dxc5 Qxd1+ 7. Kxd1 Bg4
8. Be3 Nd5 9. b4 e5 10. Kc2 Bf5+ 11. Kb2 Nxe3 12. fxe3 a6 13. Nbd2 Be7 14. e4
Bg6 15. Bc4 O-O 16. Bd5 Rfd8 17. Nc4 Bf6 18. Rhd1 Bh5 19. a4 Rab8 20. Nb6 Ne7
21. Bb3 Ng6 22. Rxd8+ Rxd8 23. Bd5 Nf4 24. Ne1 Bg4 25. Kc2 Nxd5 26. Nxd5 Bg5
27. Nf3 Bf6 28. Rd1 Bd7 29. Kb3 Kf8 30. Rd2 Be6 31. c4 h6 32. Kc3 Bd7 33. Nb6
Bc6 34. Rxd8+ Bxd8 35. Nxe5 Bf6 36. Kd4 Ke7 37. b5 Be8 38. Kd5 Bxe5 39. Kxe5
f6+ 40. Kd4 Kd8 41. Nd5 Bd7 42. Nc3 Kc7 43. b6+ Kd8 44. a5 Ke7 45. Nd5+ Kf7 46.
Nb4 Bc8 47. c6 Ke6 48. c5 bxc6 49. Nxc6 Bb7 50. Nb4 Bc8 51. c6 Kd6 52. Kc4 g6
53. b7 Bxb7 54. cxb7 Kc7 55. Nxa6+ Kxb7 56. Nc5+ Ka7 57. a6 Kb6 58. Kd5 1-0

[Event "XXIX Memorial Edoardo Crespi B"]
[Site "Milano ITA"]
[Date "2008.12.07"]
[Round "5"]
[White "Marino, Marco"]
[Black "Murli, Almerico"]
[Result "1/2-1/2"]
[WhiteElo "1797"]
[BlackElo "1842"]
[PlyCount "59"]
[EventDate "2008.12.04"]

1. e4 g6 2. d4 Bg7 3. Nc3 c6 4. Nf3 d6 5. h3 Nf6 6. Be2 O-O 7. O-O Qc7 8. Be3
Nbd7 9. Qd2 e5 10. dxe5 dxe5 11. a4 Re8 12. Bc4 Nf8 13. Rad1 Be6 14. Qe2 Bxc4
15. Qxc4 Ne6 16. Rd2 Red8 17. Rfd1 Rxd2 18. Rxd2 b6 19. b4 Ne8 20. b5 cxb5 21.
Qxc7 N8xc7 22. axb5 Rd8 23. Rxd8+ Nxd8 24. Nd2 Nde6 25. Nc4 Nd4 26. Na3 Bf8 27.
Bxd4 exd4 28. Ncb1 Kg7 29. Kf1 Kf6 30. Ke2 1/2-1/2

[Event "XXIX Memorial Edoardo Crespi B"]
[Site "Milano ITA"]
[Date "2008.12.07"]
[Round "5"]
[White "Mircoli, Filippo"]
[Black "Coladangelo, Andrea"]
[Result "1-0"]
[WhiteElo "1846"]
[BlackElo "1893"]
[PlyCount "135"]
[EventDate "2008.12.04"]

1. e4 c5 2. Nf3 d6 3. d4 cxd4 4. Nxd4 Nf6 5. Nc3 a6 6. Be2 e5 7. Nb3 Be7 8. Be3
O-O 9. O-O Qc7 10. Qd2 Be6 11. Rad1 b5 12. a3 Nbd7 13. Nd5 Bxd5 14. exd5 Nb6
15. Bxb6 Qxb6 16. Na5 Rac8 17. Nc6 Nxd5 18. Qxd5 Qxc6 19. c3 Qxd5 20. Rxd5 f5
21. f3 Kf7 22. Bd1 Kf6 23. Kf2 Rc5 24. Bb3 g5 25. g3 h5 26. h3 Kg6 27. Ke2 Rcc8
28. Rfd1 Rh8 29. Bc2 Kf6 30. Rxd6+ Bxd6 31. Rxd6+ Ke7 32. Rxa6 f4 33. Bf5 Rc5
34. Rg6 Rd8 35. Be4 Rc7 36. Rg7+ Kd6 37. Rxg5 fxg3 38. Rxg3 Rcd7 39. Bf5 Re7
40. Ke3 Rf8 41. Rg6+ Kc7 42. Be4 Rfe8 43. Rc6+ Kb7 44. Rh6+ Ka7 45. Rxh5 Rg8
46. b3 Rg2 47. c4 bxc4 48. bxc4 Ra2 49. Bd5 Rxa3+ 50. Ke4 Ra1 51. Rh6 Rh1 52.
h4 Re8 53. h5 Re1+ 54. Kf5 Rf8+ 55. Ke6 Rb8 56. Rh7+ Ka6 57. h6 Rb6+ 58. Kf5
Rh1 59. Be6 Rh5+ 60. Kg4 Rxe6 61. Kxh5 e4 62. fxe4 Rxe4 63. Rg7 Rxc4 64. h7 Rc1
65. Rg4 Rc8 66. Kh6 Kb7 67. Rf4 Rc6+ 68. Kg7 1-0

[Event "XXIX Memorial Edoardo Crespi B"]
[Site "Milano ITA"]
[Date "2008.12.07"]
[Round "5"]
[White "Moreschi, Mauro"]
[Black "Arboscelli, Gregorio"]
[Result "1-0"]
[WhiteElo "1866"]
[BlackElo "1898"]
[PlyCount "71"]
[EventDate "2008.12.04"]

1. e4 c6 2. d4 d5 3. e5 Bf5 4. h4 h5 5. c4 dxc4 6. Bxc4 e6 7. Nc3 Ne7 8. Nge2
Nd5 9. a3 Be7 10. g3 Nd7 11. Nf4 Nxf4 12. Bxf4 Nb6 13. Be2 g6 14. Qd2 Nd5 15.
Nxd5 Qxd5 16. f3 O-O-O 17. Rd1 c5 18. Qc3 Kb8 19. dxc5 Qxc5 20. Qxc5 Bxc5 21.
Bd2 Bd3 22. Bc3 Bxe2 23. Kxe2 Rxd1 24. Rxd1 Kc7 25. Bd4 Bxd4 26. Rxd4 b5 27.
Kd3 Rc8 28. Rd6 Kb7 29. Rd7+ Rc7 30. Rxc7+ Kxc7 31. Kd4 Kc6 32. b4 a6 33. Ke4
Kb6 34. Kf4 Kc6 35. Kg5 Kd5 36. Kf6 1-0

[Event "XXIX Memorial Edoardo Crespi B"]
[Site "Milano ITA"]
[Date "2008.12.07"]
[Round "5"]
[White "Papale, Carmelo"]
[Black "Fizzotti, Mario"]
[Result "0-1"]
[WhiteElo "1889"]
[BlackElo "1795"]
[PlyCount "88"]
[EventDate "2008.12.04"]

1. e4 e5 2. Nf3 Nf6 3. d3 Nc6 4. Nbd2 d5 5. g3 Bc5 6. Bg2 O-O 7. O-O dxe4 8.
dxe4 Qe7 9. Qe2 Bg4 10. c3 Qd7 11. Rd1 Rad8 12. b4 Bxb4 13. cxb4 Nd4 14. Qd3
Nxf3+ 15. Nxf3 Qxd3 16. Rxd3 Rxd3 17. Be3 Rfd8 18. h3 Rd1+ 19. Rxd1 Rxd1+ 20.
Kh2 Bxf3 21. Bxf3 Ra1 22. Bxa7 b6 23. Bb8 Rxa2 24. Bxc7 Rxf2+ 25. Bg2 Nd7 26.
Kg1 Rc2 27. Bd6 Rc6 28. Be7 f6 29. Bf1 Kf7 30. b5 Rc3 31. Bb4 Rxg3+ 32. Kf2 Rg5
33. Be2 f5 34. h4 Rg6 35. Bh5 fxe4 36. Ke3 Nf6 37. Bxg6+ Kxg6 38. Bd6 Kf5 39.
Bf8 g6 40. Ke2 Nd5 41. Bh6 Nc3+ 42. Kf2 Nxb5 43. Be3 Nd4 44. Ke1 Nc2+ 0-1